| 000 | 01923nam a2200409Ia 4500 | ||
|---|---|---|---|
| 001 | ebr10340915 | ||
| 003 | CaPaEBR | ||
| 006 | m u | ||
| 007 | cr cn||||||||| | ||
| 008 | 070921s2009 dcu s i000 0 eng d | ||
| 020 | _z9780821378571 | ||
| 040 |
_aCaPaEBR _cCaPaEBR |
||
| 035 | _a(OCoLC)526697251 | ||
| 050 | 1 | 4 |
_aHE7601 _b.L58 2009eb |
| 245 | 0 | 4 |
_aThe little data book on information and communication technology. _n2009 _h[electronic resource]. |
| 246 | 3 | 0 | _aInformation and communication technology |
| 260 |
_aWashington, D.C. : _bWorld Bank, _c2009. |
||
| 300 | _avi, 230 p. | ||
| 490 | 0 |
_aLittle data book on information and communication technology ; _v2009 |
|
| 500 | _aIncludes information from: World development indicators. | ||
| 500 | _aIssued by the Development Data Group of the Development Economics Vice Presidency and the Global Information and Communication Technologies Dept. of the World Bank. | ||
| 533 |
_aElectronic reproduction. _bPalo Alto, Calif. : _cebrary, _d2013. _nAvailable via World Wide Web. _nAccess may be limited to ebrary affiliated libraries. |
||
| 650 | 0 |
_aDigital divide _vStatistics. |
|
| 650 | 0 |
_aInformation technology _vStatistics. |
|
| 650 | 0 |
_aInformation technology _xEconomic aspects _vStatistics. |
|
| 650 | 0 |
_aInformation technology _xSocial aspects _vStatistics. |
|
| 650 | 0 |
_aTelecommunication _vStatistics. |
|
| 650 | 0 |
_aTelecommunication _xEconomic aspects _vStatistics. |
|
| 650 | 0 |
_aTelecommunication _xSocial aspects _vStatistics. |
|
| 655 | 7 |
_aElectronic books. _2local |
|
| 710 | 2 | _aWorld Bank. | |
| 710 | 2 |
_aWorld Bank. _bDevelopment Data Group. |
|
| 710 | 2 |
_aWorld Bank. _bGlobal Information & Communication Technologies Dept. |
|
| 710 | 2 | _aebrary, Inc. | |
| 730 | 0 | _aWorld development indicators. | |
| 856 | 4 | 0 |
_uhttp://site.ebrary.com/lib/rucke/Doc?id=10340915 _zAn electronic book accessible through the World Wide Web; click to view |
| 999 |
_c46268 _d46268 |
||